000 00942nam a2200289 i 4500
001 18442
003 ES-MaACL
005 20230906151836.0
007 t|
008 011119s1997 ag ||||1| spa d
020 _a950-02-8469-3
080 _a82-1.09"19"
080 _a929:82-1.09"19"
245 0 0 _aConfesiones de escritores.
_pPoetas
_b: los reportajes de The Paris Review /
_cJohn Ashbery ... [et al.] ; prólogo de Edgardo Russo.
250 _a1ª ed.
260 _aBuenos Aires :
_bEl Ateneo,
_c[1997]
300 _aVII, 262 p. :
_bil. ;
_c23 cm.
490 1 _aGrandes reportajes
650 4 _aEscritores-
_yS.XX-
_vEntrevistas.
_912381
650 1 4 _aPoesía-
_yS.XX-
_xHistoria y crítica.
_916156
700 1 _aAshbery, John.
_923594
700 1 _aRusso, Edgardo.
_9101054
730 0 _aParis review.
_9123688
830 0 _aGrandes reportajes
_9180447
852 _aES-MaACL
_jL-25072
_bR.130510
999 _c18442
_d18442